Usos productivos de la hidroelectricidad a pequeña escala en Nicaragua

Bibliographic Details
Main Author: Nicaragua. Comisión Nacional de Energía
Format: Section = Libro
Language:Undetermined
Spanish
Published: Managua Centro Nicaragüense de Escritores 2003
Subjects:
LEADER 00606nam a2200181Ia 4500
008 240829s9999 xx 000 0 und d
040 |a BIBLIOTECA-RUSB/ Ref 621.312134 N583 
041 |a spa 
082 |a Ref 621.312134 N583 
100 1 |a Nicaragua. Comisión Nacional de Energía 
245 1 0 |a Usos productivos de la hidroelectricidad a pequeña escala en Nicaragua 
260 |a Managua  |b Centro Nicaragüense de Escritores  |c 2003 
300 |a 16 p. :il. 
650 7 |a GENERACION HIDROELECTRICA - NICARAGUA 
650 7 |b  USOS PRODUCTIVOS - HIDROELECTRICIDAD 
942 |c BK  |2 ddc 
991 |a TEXTO 
999 |c 6116